[Event "TCh-CHN"]
[Site "Beijing CHN"]
[Date "2010.11.04"]
[Round "18"]
[White "Cai, Jiaying"]
[Black "Le, Thanh Tu"]
[Result "0-1"]
[BlackTitle "WGM"]
[WhiteElo "2068"]
[BlackElo "2318"]
[WhiteTeam "TIANJIN Nan Kai"]
[BlackTeam "GUANGDONG Huateng"]
[WhiteFideId "8604312"]
[BlackFideId "12401005"]
[EventDate "2010.04.16"]

1. e4 e6 2. d4 d5 3. exd5 exd5 4. Nf3 Nf6 5. Bd3 Be7 6. O-O O-O 7. h3 c5 8. dxc5
Bxc5 9. Bg5 Nc6 10. Nbd2 Qd6 11. Nb3 Bb6 12. Re1 Bxh3 13. gxh3 Qg3+ 14. Kh1
Qxh3+ 15. Nh2 Bc7 16. f4 Nh5 17. Rg1 f6 18. Bh6 Kh8 19. Bxg7+ Nxg7 20. Qg4 Qxg4
21. Rxg4 f5 22. Rh4 Ne7 23. Rg1 Rf6 24. Rf1 Ng6 25. Rh6 Raf8 26. Nc5 Nxf4 0-1

[Event "TCh-CHN"]
[Site "Beijing CHN"]
[Date "2010.11.04"]
[Round "18"]
[White "Gao, Rui"]
[Black "Wu, Shaobin"]
[Result "1/2-1/2"]
[WhiteTitle "IM"]
[BlackTitle "GM"]
[WhiteElo "2464"]
[BlackElo "2453"]
[WhiteTeam "China Mobile CHONGQING"]
[BlackTeam "BEIJING Rendafuzhong"]
[WhiteFideId "8602387"]
[BlackFideId "5800714"]
[EventDate "2010.04.16"]

1. e4 c6 2. d4 d5 3. Nc3 dxe4 4. Nxe4 Bf5 5. Ng3 Bg6 6. h4 h6 7. Nf3 Nd7 8. h5
Bh7 9. Bd3 Bxd3 10. Qxd3 e6 11. Bd2 Ngf6 12. O-O-O Be7 13. Qe2 c5 14. Rhe1 O-O
15. Nf5 exf5 16. Qxe7 Qc7 17. dxc5 Rfe8 18. Qd6 Qxc5 19. Rxe8+ Rxe8 20. Be3 Qc4
21. b3 Qg4 22. Qc7 Qxg2 23. Rxd7 Rxe3 24. Rd8+ Re8 25. Rxe8+ Nxe8 26. Qc8 Qxf3
27. Qxe8+ Kh7 28. Qxf7 f4 29. Qg6+ Kh8 30. Qe8+ Kh7 31. Qg6+ 1/2-1/2

[Event "TCh-CHN"]
[Site "Beijing CHN"]
[Date "2010.11.04"]
[Round "18"]
[White "Huang, Qian"]
[Black "Li, Xueyi"]
[Result "0-1"]
[WhiteTitle "WGM"]
[WhiteElo "2439"]
[BlackElo "1957"]
[WhiteTeam "China Mobile CHONGQING"]
[BlackTeam "BEIJING Rendafuzhong"]
[WhiteFideId "8602689"]
[BlackFideId "8605912"]
[EventDate "2010.04.16"]

1. d4 d5 2. Nf3 Nf6 3. c4 c6 4. Nc3 e6 5. Bg5 dxc4 6. e4 b5 7. e5 h6 8. Bh4 g5
9. Nxg5 hxg5 10. Bxg5 Nbd7 11. exf6 Bb7 12. g3 Qb6 13. Bg2 O-O-O 14. O-O c5 15.
d5 b4 16. Rb1 Qa6 17. dxe6 Bxg2 18. e7 Bxf1 19. Kxf1 Qc6 20. exd8=Q+ Kxd8 21.
Nd5 Rxh2 22. Kg1 Rh8 23. Qf3 Bd6 24. Rd1 Ne5 25. Qf5 Rh5 26. Kg2 c3 27. bxc3
bxc3 28. Qe4 c2 29. Qxc2 Rxg5 30. Qe4 Rg4 31. f4 Nd7 32. Nc3 Qxe4+ 33. Nxe4 Bf8
34. Kf3 Rg8 35. g4 Kc7 36. g5 Kc6 37. Ng3 c4 38. Nf5 Bc5 39. Rc1 Nb6 40. Nh6 Rf8
41. f5 Bd4 42. Rc2 Kc5 0-1

[Event "TCh-CHN"]
[Site "Beijing CHN"]
[Date "2010.11.04"]
[Round "18"]
[White "Xu, Ruoying"]
[Black "Tan, Zhongyi"]
[Result "0-1"]
[BlackTitle "WGM"]
[WhiteElo "2028"]
[BlackElo "2464"]
[WhiteTeam "BEIJING Rendafuzhong"]
[BlackTeam "China Mobile CHONGQING"]
[WhiteFideId "8603707"]
[BlackFideId "8603642"]
[EventDate "2010.04.16"]

1. d4 Nf6 2. Nf3 g6 3. Bf4 Bg7 4. e3 O-O 5. Be2 d6 6. h3 Nbd7 7. O-O c5 8. c4 d5
9. Nc3 cxd4 10. exd4 dxc4 11. Bxc4 Nb6 12. Bb3 Nbd5 13. Nxd5 Nxd5 14. Be5 b6 15.
Re1 Bb7 16. Bxg7 Kxg7 17. Qe2 e6 18. Qe5+ Qf6 19. Bxd5 Bxd5 20. Ng5 Qxe5 21.
dxe5 Rac8 22. Rec1 h6 23. Nf3 Bxf3 24. gxf3 Rfd8 25. Kg2 g5 26. Kg3 Kg6 27. Rxc8
Rxc8 28. Rd1 Rc7 29. Rd2 Kf5 30. Re2 a5 31. a3 Rc5 32. b4 axb4 33. axb4 Rc4 34.
b5 Rb4 35. Rc2 Kxe5 36. Rc7 Kf6 37. h4 Rxb5 38. hxg5+ hxg5 39. Rc4 Rf5 40. Rc6
b5 41. Rb6 Ke7 42. Kg4 Kd7 43. Ra6 Kc7 44. Ra1 Kb6 45. Rb1 Kc5 46. Rc1+ Kd4 47.
Rb1 Kc3 0-1

[Event "TCh-CHN"]
[Site "Beijing CHN"]
[Date "2010.11.04"]
[Round "18"]
[White "Ding, Liren"]
[Black "Xiu, Deshun"]
[Result "1-0"]
[WhiteTitle "GM"]
[WhiteElo "2565"]
[BlackElo "2493"]
[WhiteTeam "ZHEJIANG"]
[BlackTeam "BEIJING Aigo"]
[WhiteFideId "8603677"]
[BlackFideId "8603693"]
[EventDate "2010.04.16"]

1. d4 Nf6 2. c4 e6 3. Nf3 b6 4. g3 Bb7 5. Bg2 Be7 6. Nc3 Ne4 7. Bd2 O-O 8. d5 f5
9. Qc2 Bf6 10. Rd1 Nd6 11. Bf4 Qe7 12. Bxd6 cxd6 13. O-O Rc8 14. Nd4 Bxd4 15.
Rxd4 e5 16. Rdd1 Rxc4 17. Qxf5 Na6 18. Be4 g6 19. Qf3 Nc5 20. Bb1 Qg5 21. Ne4
Nxe4 22. Bxe4 Rf8 23. h4 Rxf3 24. hxg5 Rf8 25. f3 Rfc8 26. Kf2 Ba6 27. Ke3 Ra4
28. a3 Bc4 29. Rf2 Kg7 30. Rh2 Rh8 31. Rh6 Ra5 32. Rdh1 Rb5 33. b4 a5 34. Bxg6
axb4 35. axb4 Rxb4 36. Bxh7 Rb3+ 37. Bd3 Bxd3 38. exd3 Rxh6 39. Rxh6 Kf7 40.
Rxd6 Ke7 41. g6 1-0

[Event "TCh-CHN"]
[Site "Beijing CHN"]
[Date "2010.11.04"]
[Round "18"]
[White "Yu, Yangyi"]
[Black "Yu, Lie"]
[Result "1-0"]
[WhiteTitle "GM"]
[WhiteElo "2574"]
[BlackElo "2407"]
[WhiteTeam "BEIJING Aigo"]
[BlackTeam "ZHEJIANG"]
[WhiteFideId "8603820"]
[BlackFideId "8603715"]
[EventDate "2010.04.16"]

1. e4 e5 2. Nf3 Nc6 3. d4 d6 4. Bb5 exd4 5. Qxd4 Bd7 6. Bxc6 Bxc6 7. Bg5 f6 8.
Be3 Ne7 9. Nc3 Ng6 10. O-O-O Be7 11. Qc4 Ne5 12. Qb3 Nxf3 13. gxf3 Qd7 14. Rhg1
g6 15. Nd5 a6 16. h4 O-O-O 17. h5 Rhg8 18. Nb4 Rde8 19. Nxc6 Qxc6 20. Qf7 Rgf8
21. Qe6+ Qd7 22. Qxd7+ Kxd7 23. hxg6 hxg6 24. Rxg6 f5 25. Rh1 Bd8 26. Rh7+ Kc6
27. Bh6 Rh8 28. Rxh8 Rxh8 29. Kd1 Rh7 30. Ke2 Rf7 31. Ke3 Bf6 32. c3 Be5 33. f4
Bh8 34. exf5 Rxf5 35. Rg8 Bf6 36. Ke4 Rh5 37. Bg5 Bh8 38. Kf5 d5 39. Kg6 Rh2 40.
Rd8 b5 41. a3 a5 42. f5 b4 43. axb4 axb4 44. cxb4 Bxb2 45. f4 Bc3 46. f6 Bxb4
47. f7 Rg2 48. f5 Bd2 49. f8=Q Bxg5 50. Qe8+ Kc5 51. Rxd5+ Kxd5 52. Qd7+ Ke5 53.
Qxc7+ Kd4 54. Qc6 1-0

[Event "TCh-CHN"]
[Site "Beijing CHN"]
[Date "2010.11.04"]
[Round "18"]
[White "Zhao, Xue"]
[Black "Ding, Yixin"]
[Result "1/2-1/2"]
[WhiteTitle "GM"]
[BlackTitle "WFM"]
[WhiteElo "2490"]
[BlackElo "2315"]
[WhiteTeam "BEIJING Aigo"]
[BlackTeam "ZHEJIANG"]
[WhiteFideId "8601283"]
[BlackFideId "8602972"]
[EventDate "2010.04.16"]

1. d4 Nf6 2. c4 e6 3. Nf3 d5 4. Nc3 Bb4 5. Qa4+ Nc6 6. Bg5 h6 7. Bxf6 Qxf6 8. e3
O-O 9. Rc1 Bd7 10. Qb3 a5 11. a3 a4 12. Qa2 Bxc3+ 13. Rxc3 dxc4 14. Bxc4 e5 15.
dxe5 Nxe5 16. Nxe5 Qxe5 17. O-O Bc6 18. Rd1 Qg5 19. Bd5 Rad8 20. e4 Bxd5 21.
exd5 Rfe8 22. g3 Qg4 23. Rf1 Rd7 24. Rc4 Qf3 25. Rxa4 Qxd5 26. Qxd5 Rxd5 27. Rc1
c6 28. Rc2 Kf8 29. Kg2 Red8 30. Rb4 R8d7 31. Re2 g6 32. h4 h5 33. Rb6 Rc7 34.
Re3 Rdd7 35. Kf3 Kg7 36. Rb4 Rd5 37. Reb3 Rf5+ 38. Ke2 b5 39. Re4 Rd7 40. Ree3
Kf6 41. Rbd3 Rfd5 42. Rxd5 Rxd5 43. Rd3 Re5+ 44. Re3 Rd5 45. Rd3 Re5+ 46. Kd2
Rf5 47. Ke3 Re5+ 48. Kd2 Rf5 49. Ke3 Re5+ 1/2-1/2

[Event "TCh-CHN"]
[Site "Beijing CHN"]
[Date "2010.11.04"]
[Round "18"]
[White "Xu, Yuhua"]
[Black "Wang, Yu A."]
[Result "1/2-1/2"]
[WhiteTitle "GM"]
[BlackTitle "IM"]
[WhiteElo "2478"]
[BlackElo "2335"]
[WhiteTeam "ZHEJIANG"]
[BlackTeam "BEIJING Aigo"]
[WhiteFideId "8600635"]
[BlackFideId "8601097"]
[EventDate "2010.04.16"]

1. e4 e5 2. Nf3 Nc6 3. Bb5 a6 4. Ba4 Nf6 5. O-O Nxe4 6. d4 b5 7. Bb3 d5 8. dxe5
Be6 9. Be3 Be7 10. c3 Nc5 11. Bc2 Nd7 12. Re1 Ndxe5 13. Nxe5 Nxe5 14. f4 Nc4 15.
Bd4 O-O 16. b3 Nd6 17. Qh5 Ne4 18. f5 Bd7 19. Bxe4 dxe4 20. Nd2 Bf6 21. Nxe4
Bxd4+ 22. cxd4 Bc6 23. Rad1 Bxe4 24. Rxe4 Re8 25. Qf3 Qd7 26. Rde1 Rxe4 27. Rxe4
Re8 28. Rxe8+ Qxe8 29. Kf2 h6 30. g3 c6 31. Qf4 Qe7 32. Qe3 Qb4 33. Kf3 Kh7 34.
h4 a5 35. f6 gxf6 36. Qe4+ Kg7 37. Qxc6 Qxd4 38. Qxb5 Qc3+ 39. Kg4 Qd4+ 40. Kh3
Qd2 41. a4 Qe1 42. Qd5 h5 43. Qf3 f5 44. Kh2 Qd2+ 45. Kh3 Qe1 46. Kh2 Qd2+ 1/2-1/2

[Event "TCh-CHN"]
[Site "Beijing CHN"]
[Date "2010.11.04"]
[Round "18"]
[White "Wan, Yunguo"]
[Black "Bu, Xiangzhi"]
[Result "1/2-1/2"]
[BlackTitle "GM"]
[WhiteElo "2424"]
[BlackElo "2682"]
[WhiteTeam "HEBEI"]
[BlackTeam "SHANGDONG Linglong"]
[WhiteFideId "8603189"]
[BlackFideId "8601445"]
[EventDate "2010.04.16"]

1. e4 e5 2. Nf3 Nf6 3. Nxe5 d6 4. Nf3 Nxe4 5. d4 d5 6. Bd3 Be7 7. O-O Nc6 8. c4
Nb4 9. Be2 O-O 10. a3 Nc6 11. cxd5 Qxd5 12. Nc3 Nxc3 13. bxc3 Bf5 14. Re1 Rfe8
15. Bf4 Rac8 16. h3 h6 17. Nd2 Bd6 18. Bf3 Qa5 19. Bxd6 cxd6 20. Nc4 Rxe1+ 21.
Qxe1 Qc7 22. Ne3 Re8 23. Qd1 Bd7 24. Nd5 Qd8 25. Qd3 b6 26. Qd2 Ne7 27. Qf4 Nxd5
28. Bxd5 Be6 29. Bc6 Re7 30. Re1 Bc4 31. Rxe7 Qxe7 32. Qe3 Qf6 33. Qe8+ Kh7 34.
Qe4+ g6 35. Bd5 Bxd5 36. Qxd5 Qe7 37. g3 Qc7 38. c4 Kg7 39. h4 h5 40. Kf1 Qe7
41. Kg2 1/2-1/2

[Event "TCh-CHN"]
[Site "Beijing CHN"]
[Date "2010.11.04"]
[Round "18"]
[White "Wen, Yang"]
[Black "Wang, Li"]
[Result "1/2-1/2"]
[WhiteTitle "GM"]
[WhiteElo "2520"]
[BlackElo "2383"]
[WhiteTeam "SHANGDONG Linglong"]
[BlackTeam "HEBEI"]
[WhiteFideId "8602956"]
[BlackFideId "8604460"]
[EventDate "2010.04.16"]

1. d4 e6 2. c4 Bb4+ 3. Bd2 Bxd2+ 4. Qxd2 Nf6 5. g3 d5 6. Bg2 c6 7. Nf3 b6 8. a4
Nbd7 9. O-O O-O 10. Rc1 Ba6 11. Na3 Qe7 12. b4 Rfc8 13. Rab1 Rab8 14. Qa2 c5 15.
bxc5 bxc5 16. Nb5 Nb6 17. Ne5 Nxc4 18. Nxc4 dxc4 19. Qxc4 cxd4 20. Qxd4 Rxc1+
21. Rxc1 Bxb5 22. axb5 h6 23. Bc6 Nd5 24. Rd1 Nb6 25. h4 Rc8 26. Rd3 Qc7 27. Ra3
Qe7 28. Qa1 Rc7 29. Rd3 Rc8 30. Kg2 Kf8 31. g4 Nd5 32. Bxd5 exd5 33. Qa3 Qxa3
34. Rxa3 Rc5 35. Rxa7 Rxb5 36. Ra4 Ke7 37. Kf3 Rb6 38. Ke3 Ke6 39. f3 g6 40. Kd4
Rc6 41. e3 h5 42. gxh5 gxh5 43. Kd3 1/2-1/2

[Event "TCh-CHN"]
[Site "Beijing CHN"]
[Date "2010.11.04"]
[Round "18"]
[White "Zhang, Jilin"]
[Black "Wang, Doudou"]
[Result "1/2-1/2"]
[WhiteTitle "WGM"]
[WhiteElo "2281"]
[BlackElo "2225"]
[WhiteTeam "SHANGDONG Linglong"]
[BlackTeam "HEBEI"]
[WhiteFideId "8602867"]
[BlackFideId "8603197"]
[EventDate "2010.04.16"]

1. e4 e5 2. Nf3 Nc6 3. Bb5 a6 4. Bxc6 dxc6 5. O-O f6 6. d4 exd4 7. Nxd4 c5 8.
Nb3 Qxd1 9. Rxd1 Bd7 10. Bf4 O-O-O 11. Nc3 Be6 12. Rxd8+ Kxd8 13. Rd1+ Kc8 14.
Nd5 Bxd5 15. exd5 Bd6 16. Bxd6 cxd6 17. Re1 Kd7 18. Na5 Ne7 19. Rd1 Re8 20. Kf1
Nf5 21. c3 b6 22. Nc6 Ne7 23. Nxe7 Rxe7 24. Re1 b5 25. f4 f5 26. Rxe7+ Kxe7 27.
b4 c4 28. Kf2 Kf6 29. h4 Kg6 30. Kg3 h5 31. Kf3 1/2-1/2